000 00898nam a2200277Ia 4500
001 Para_1801
003 CHAP
008 220125s2002 xx 000 0 und d
010 _a200452
040 _cCHAP
090 _aPA TESIS 1635
100 _aLuna Paez, Arturo
_969099
245 _aVariabilidad genética de cepas de Fusarium oxysporum f. sp ciceris mediante RAPD-PCR en el Bajío, México /
_c por Arturo Luna Paez
260 _aChapingo, Méx. :
_b el autor
300 _a63 h.
502 _aTesis (M.C. Esp. Protección Vegetal). UACh. Departamento Parasitología Agrícola
650 _aFusarium oxysporum
_944093
710 _aUACh. Departamento de Parasitología Agrícola
_9115877
901 _aPA TESIS 1635
902 _aM
905 _a0000002002 ai 0000000000 00
910 _a2002
942 _cPARA
942 _cPARA
_d1
999 _c200452
_d200452